ネットミーム総選挙top100 - Statistics

General Stats
  • This quiz has been taken 527 times
  • The average score is 7 of 105
Answer Stats
順位 Answer % Correct
3 真夏の夜の淫夢
63%
1 バキバキ童貞です
52%
2 21歳 拳で
44%
5 幸せならOKです
35%
16 自己防衛おじさん
24%
4 東大医学部は頭悪い
22%
15 野々村議員
22%
10 ランランルー
21%
その心笑ってるね
21%
9 ドゥワァ! センナナヒャク!!
20%
39 ビッグウェーブ兄貴
20%
あぁ~!水素の音ォ~!!
15%
11 おとわっか
13%
20 チャリできた
13%
19 アイスクライマー
12%
ヒカマニ
11%
6 性の喜びおじさん
10%
22 受験パルキアニキ
10%
25 キーボードクラッシャー
10%
29 江ノ電ニキ
10%
36 栃木の魅力 ないんだな、それが
10%
68 QVC福島(ギコギコはしません)
10%
12 世間は許してくrえゃすぇんよ
10%
7 ゲームのカード落としちゃった
9%
17 松岡修造
9%
18 働いたら負け
9%
38 くそみそテクニック
9%
26 オンドゥル語
8%
おせち◯こ
8%
8 OMMC姉貴
8%
23 syamu
8%
30 バトルドーム
7%
帝京平成大学
7%
パフェいわし
7%
14 ガチムチパンツレスリング
6%
国鉄ムンムンニキ
6%
レッツゴー!陰陽師
6%
78 なんでや!阪神関係ないやろ!(334)
6%
61 東方Project
6%
53 クッキー☆
5%
受かったやつが泣くな
5%
日体大コール
5%
21 Z会
5%
28 キャンピングカー横転
4%
女性専用車両(せきぐちあいみ)
4%
56 コロンビア
4%
チー牛
4%
DAISUKE
4%
物売るってレベルじゃねーぞ
3%
ぼっさん
3%
42 エルシャダイ(大丈夫だ、問題ない)
3%
50 止まるんじゃねぇぞ...(鉄血のオルフェンズ)
3%
ポテチ姉貴
3%
ブルーアーカイブ
3%
小泉進次郎
3%
ブロリーMAD
3%
13 メンチニキ
2%
46 五条勝
2%
バジリスクタイム
2%
婆ダック
2%
フロントガラス男
2%
アル中カラカラ
2%
ドヤ顔中学生
2%
ハセカラ
2%
総統閣下シリーズ
2%
たれぞう
2%
チャージマン研
2%
僕、アルバイトォォ!!
2%
85 ありえない確率
2%
ゲッダン
2%
推しの子ゲッターMAD
2%
Nyan Cat(宇宙猫)
2%
やばいクレーマーのSUSURU
2%
35 必須アモト酸
1%
41 フタエノキワミ、アッー!
1%
49 絶叫するビーバー
1%
ワザップジョルノ
1%
58 数学ヤ◯ザ
1%
雪の降る街
1%
スプーのえかきうた
1%
89 てんどんまんソロ
1%
けつあな確定
1%
心にぐっとくる奈々ちゃん
1%
24 レベルの高い合格点を超える二郎 オールウェイズ出してくれる
1%
Doge(世界一有名な柴犬かぼす)
1%
DTも守れない男に何も守れないんですよ
1%
62 トーマスf◯ckニキ
1%
Let's go meme
1%
Yee
1%
44 テミニュ
0%
45 ベッドの上で飛び跳ねるギャル
0%
48 コマンドー
0%
恋人といる時の雪って特別な気分に浸れて僕は好きです
0%
田代まさし
0%
電車のトイレにスマホを落としたニキ
0%
謎の遊具
0%
梅雨あけてないじゃないすか!やだー
0%
レジェンド校長
0%
おそうざいならキンピラがいいかな?
0%
ナルトス
0%
マフティー構文
0%
もんじろう
0%
スタバにキレる黒人
0%
92 BBEMYBABY
0%
DTが許されるの小学生までだよねー
0%
No matching quizzes found
Score Distribution
Percent of People with Each Score
Percentile by Number Answered
Your Score History
You have not taken this quiz